[Event "CZE-chT1W 0809"]
[Site "Czech Republic"]
[Date "2009.02.01"]
[Round "7.3"]
[White "Kolar, Pavel"]
[Black "Dvorak, Tomas"]
[Result "0-1"]
[WhiteElo "2143"]
[BlackElo "2287"]
[PlyCount "112"]
[EventDate "2008.10.19"]
[EventType "team-tourn"]
[EventRounds "11"]
[EventCountry "CZE"]
[SourceTitle "EXT 2010"]
[Source "ChessBase"]
[SourceDate "2010.11.25"]
[SourceVersion "1"]
[SourceVersionDate "2010.11.25"]
[SourceQuality "1"]
[WhiteTeam "Lysa nad Labem"]
[BlackTeam "Praha Pankrac"]
[WhiteTeamCountry "CZE"]
[BlackTeamCountry "CZE"]

1. e4 c5 2. Nf3 Nc6 3. b3 d6 4. Bb2 e5 5. g3 Nf6 6. d3 g6 7. Bg2 Bg7 8. Nbd2 Bd7 9. c3 0-0 10. 0-0 b5 11. d4 cxd4 12. cxd4 Re8 13. dxe5 dxe5 14. Rc1 Qb6 15. Qc2 Rac8 16. Qb1 Ng4 17. h3 Nh6 18. Qd3 Red8 19. Qe3 Qxe3 20. fxe3 f6 21. a3 Nf7 22. Kf2 a6 23. Ke2 Be6 24. Rc3 Na5 25. Rfc1 Rxc3 26. Rxc3 Bf8 27. b4 Nc4 28. Nxc4 Bxc4+ 29. Ke1 Bh6 30. Nd2 Be6 31. Bc1 Nd6 32. Nb3 Bxb3 33. Rxb3 Rc8 34. Kd1 Kf7 35. Bd2 Ke7 36. Rb1 Nc4 37. Bf1 Nxe3+ 38. Bxe3 Bxe3 39. a4 bxa4 40. Ra1 f5 41. Bxa6 Rc3 42. Rxa4 Bd4 43. g4 f4 44. Bf1 Rb3 45. Kd2 Rb2+ 46. Kc1 Rh2 47. Kd1 Rh1 48. Ke1 Rh2 49. Kd1 Rb2 50. Bd3 Rb3 51. Kc2 Rb2+ 52. Kd1 f3 53. b5 f2 54. Rc4 Be3 55. Bf1 Rd2+ 56. Kc1 Re2+ 0-1

[Event "CZE-chT1W 0809"]
[Site "Czech Republic"]
[Date "2009.01.18"]
[Round "6.2"]
[White "Cesal, Jaroslav"]
[Black "Dvorak, Tomas"]
[Result "1/2-1/2"]
[WhiteElo "2235"]
[BlackElo "2287"]
[PlyCount "116"]
[EventDate "2008.10.19"]
[EventType "team-tourn"]
[EventRounds "11"]
[EventCountry "CZE"]
[SourceTitle "EXT 2010"]
[Source "ChessBase"]
[SourceDate "2010.11.25"]
[SourceVersion "1"]
[SourceVersionDate "2010.11.25"]
[SourceQuality "1"]
[WhiteTeam "Plzen"]
[BlackTeam "Praha Pankrac"]
[WhiteTeamCountry "CZE"]
[BlackTeamCountry "CZE"]

1. d4 Nf6 2. Nf3 g6 3. c4 Bg7 4. Nc3 d5 5. Bg5 Ne4 6. Qc1 Nxg5 7. Qxg5 dxc4 8. e3 0-0 9. Bxc4 Nd7 10. 0-0 b6 11. Bd5 Rb8 12. Rfd1 Nf6 13. Bc6 Qd6 14. Ne5 a6 15. Rac1 Bb7 16. Bxb7 Rxb7 17. a3 c5 18. dxc5 Qxc5 19. b4 Qc8 20. Nd5 Qf5 21. Qxf5 gxf5 22. Rc7 Rxc7 23. Nxc7 a5 24. bxa5 bxa5 25. Nc6 e6 26. g3 Ne4 27. Nxa5 Rc8 28. Nb5 Rc2 29. Rd8+ Bf8 30. f3 Ng5 31. Nd4 Rd2 32. Nac6 Ra2 33. h4 Ra1+ 34. Kf2 Ra2+ 35. Kf1 Ra1+ 36. Ke2 Ra2+ 37. Ke1 Nh3 38. Ne5 Kg7 39. Rd7 Bxa3 40. Rxf7+ Kg8 41. Rb7 Bd6 42. Rb5 Nf2 43. Ndc6 Nh1 44. g4 fxg4 45. fxg4 Ng3 46. Nc4 Bc5 47. Rxc5 Ra1+ 48. Kf2 Ne4+ 49. Kf3 Nxc5 50. Kf4 Nd7 51. Nd4 Ra4 52. Ne5 Nc5 53. g5 Ra1 54. Ng4 Kf7 55. h5 Nd3+ 56. Ke4 Nc5+ 57. Ke5 Nd3+ 58. Ke4 Nc5+ 1/2-1/2

[Event "CZE-chT1W 0809"]
[Site "Czech Republic"]
[Date "2008.11.30"]
[Round "4.3"]
[White "Dvorak, Tomas"]
[Black "Adamek, Zdenek"]
[Result "1-0"]
[WhiteElo "2287"]
[BlackElo "2184"]
[PlyCount "105"]
[EventDate "2008.10.19"]
[EventType "team-tourn"]
[EventRounds "11"]
[EventCountry "CZE"]
[SourceTitle "EXT 2010"]
[Source "ChessBase"]
[SourceDate "2010.11.25"]
[SourceVersion "1"]
[SourceVersionDate "2010.11.25"]
[SourceQuality "1"]
[WhiteTeam "Praha Pankrac"]
[BlackTeam "Praha Holdia"]
[WhiteTeamCountry "CZE"]
[BlackTeamCountry "CZE"]

1. e4 c5 2. Nf3 Nc6 3. d4 cxd4 4. Nxd4 Nf6 5. Nc3 e5 6. Ndb5 d6 7. Bg5 a6 8. Na3 b5 9. Nd5 Be7 10. Bxf6 Bxf6 11. c3 0-0 12. Nc2 Rb8 13. Ncb4 Nxb4 14. Nxb4 Bb7 15. Nd5 Bxd5 16. Qxd5 Qc7 17. Be2 Qc5 18. Rd1 Qxd5 19. Rxd5 Be7 20. Kd2 Rfc8 21. Kc2 Rc5 22. Rhd1 a5 23. Rxc5 dxc5 24. Rd5 f6 25. Rd7 Kf8 26. Ra7 Bd8 27. a4 bxa4 28. Bc4 Be7 29. Rxa5 g5 30. Rxa4 h5 31. Ra7 h4 32. h3 Rb6 33. Ra8+ Kg7 34. Rg8+ Kh7 35. Re8 Bd6 36. b3 Kg6 37. Kd3 Kg7 38. Rg8+ Kh7 39. Ke3 Rb7 40. Rd8 Be7 41. Re8 Kg7 42. Kf3 Bf8 43. Ra8 Rd7 44. Kg4 Rd2 45. Kh5 Rd7 46. g3 hxg3 47. fxg3 Be7 48. Kg4 Rd2 49. Rg8+ Kh6 50. Re8 Bd6 51. Rd8 Kg7 52. Rd7+ Kh6 53. Be6 1-0

[Event "CZE-chT1W 0809"]
[Site "Czech Republic"]
[Date "2008.11.16"]
[Round "3.3"]
[White "Bujnoch, Radek"]
[Black "Dvorak, Tomas"]
[Result "0-1"]
[WhiteElo "2233"]
[BlackElo "2287"]
[PlyCount "96"]
[EventDate "2008.10.19"]
[EventType "team-tourn"]
[EventRounds "11"]
[EventCountry "CZE"]
[SourceTitle "EXT 2010"]
[Source "ChessBase"]
[SourceDate "2010.11.25"]
[SourceVersion "1"]
[SourceVersionDate "2010.11.25"]
[SourceQuality "1"]
[WhiteTeam "Chrudim"]
[BlackTeam "Praha Pankrac"]
[WhiteTeamCountry "CZE"]
[BlackTeamCountry "CZE"]

1. e4 c5 2. Nf3 Nc6 3. d4 cxd4 4. Nxd4 Nf6 5. Nc3 d6 6. f3 e5 7. Nb3 Be7 8. Be3 0-0 9. Qd2 a5 10. Bb5 Na7 11. Ba4 Be6 12. Rd1 Nc8 13. Qf2 Nd7 14. Bxd7 Qxd7 15. g4 Qc6 16. Nd5 Bd8 17. Nc1 Ne7 18. Qd2 Bxd5 19. exd5 Qb5 20. b3 f5 21. g5 f4 22. Bf2 Nf5 23. h4 Bb6 24. c4 Bxf2+ 25. Qxf2 Qd7 26. Ne2 b5 27. cxb5 Qxb5 28. Nc3 Qb4 29. Qd2 Ne3 30. Rc1 Rfc8 31. Ke2 Rc5 32. Ne4 Rxd5 33. Qc3 Rd4 34. Qc6 Rb8 35. Qd7 Qb7 36. Rc7 Qb5+ 37. Qxb5 Rxb5 38. h5 Rb8 39. h6 Nf5 40. hxg7 Rxe4+ 41. fxe4 Ng3+ 42. Kf3 Nxh1 43. Rd7 Rb6 44. Ra7 Rc6 45. Rxa5 Kxg7 46. b4 Rc3+ 47. Kg2 Ng3 48. b5 Nxe4 0-1

[Event "Prague KS op-A"]
[Site "Prague"]
[Date "2007.??.??"]
[Round "7"]
[White "Dvorak, Tomas"]
[Black "Bednar, Marcel"]
[Result "1-0"]
[WhiteElo "2299"]
[BlackElo "1924"]
[PlyCount "71"]
[EventDate "2007.??.??"]
[EventType "swiss"]
[EventRounds "9"]
[EventCountry "CZE"]
[SourceTitle "EXT 2008"]
[Source "ChessBase"]
[SourceDate "2007.11.25"]
[SourceVersion "1"]
[SourceVersionDate "2007.11.25"]
[SourceQuality "1"]

1. e4 d6 2. d4 Nf6 3. Nc3 g6 4. Nf3 c6 5. Be2 Bg7 6. 0-0 0-0 7. Re1 b5 8. a3 Na6 9. Bf4 Nc7 10. Qd2 Re8 11. Rad1 Rb8 12. Qc1 a5 13. Bh6 Bh8 14. e5 b4 15. axb4 axb4 16. exf6 bxc3 17. fxe7 Rxe7 18. bxc3 Ne6 19. Qa3 Rd7 20. Bf1 Qf6 21. Ng5 Rd8 22. Ne4 Qh4 23. Bc1 d5 24. Nc5 Nxd4 25. cxd4 Bxd4 26. Be3 Bb2 27. Qa4 Rb4 28. Qxc6 d4 29. Bc1 Bg4 30. f3 Bf5 31. g3 Qh5 32. Re8+ Rxe8 33. Qxe8+ Kg7 34. Qe5+ f6 35. Qe7+ Kg8 36. Ne6 1-0

[Event "Prague KS op-A"]
[Site "Prague"]
[Date "2007.??.??"]
[Round "4"]
[White "Studnicka, Tomas"]
[Black "Dvorak, Tomas"]
[Result "1-0"]
[WhiteElo "2312"]
[BlackElo "2303"]
[PlyCount "81"]
[EventDate "2007.??.??"]
[EventType "swiss"]
[EventRounds "9"]
[EventCountry "CZE"]
[SourceTitle "EXT 2008"]
[Source "ChessBase"]
[SourceDate "2007.11.25"]
[SourceVersion "1"]
[SourceVersionDate "2007.11.25"]
[SourceQuality "1"]

1. d4 Nf6 2. c4 g6 3. Nc3 d5 4. cxd5 Nxd5 5. Bd2 Nb6 6. Nf3 Bg7 7. Bg5 0-0 8. e3 N8d7 9. Be2 h6 10. Bh4 Nf6 11. 0-0 Nbd5 12. Na4 c6 13. Rc1 Ne4 14. Bd3 Bf5 15. g4 Nxf2 16. Bxf2 Bxg4 17. Be2 Qc8 18. Re1 Bh3 19. Bf1 e5 20. Nxe5 Bxe5 21. dxe5 Re8 22. Nc3 Rxe5 23. Nxd5 Rxd5 24. Qf3 Bg4 25. Qxd5 cxd5 26. Rxc8+ Rxc8 27. Bg2 Rc2 28. Bxd5 Rxb2 29. Rc1 Rd2 30. e4 Bf3 31. h4 Bg4 32. Rc7 Be6 33. Rxb7 Bxd5 34. exd5 Rxd5 35. Rxa7 g5 36. a4 Rd3 37. a5 g4 38. Kg2 f5 39. a6 f4 40. Rb7 g3 41. a7 1-0

[Event "Prague op-A"]
[Site "Prague"]
[Date "2006.07.08"]
[Round "8"]
[White "Hausner, Ivan"]
[Black "Dvorak, Tomas"]
[Result "1/2-1/2"]
[WhiteElo "2416"]
[BlackElo "2299"]
[PlyCount "58"]
[EventDate "2006.07.01"]
[EventType "swiss"]
[EventRounds "9"]
[EventCountry "CZE"]
[SourceTitle "EXT 2007"]
[Source "ChessBase"]
[SourceDate "2006.11.23"]
[SourceVersion "1"]
[SourceVersionDate "2006.11.23"]
[SourceQuality "1"]

1. d4 Nf6 2. c4 g6 3. Nc3 d5 4. Nf3 Bg7 5. Bf4 0-0 6. Rc1 dxc4 7. e4 Bg4 8. d5 c6 9. Bxc4 cxd5 10. exd5 Nbd7 11. 0-0 Rc8 12. Be2 Nb6 13. d6 exd6 14. Bxd6 Re8 15. h3 Bf5 16. Bb5 Re6 17. Bf4 a6 18. Nd4 axb5 19. Nxe6 Qxd1 20. Rfxd1 Bxe6 21. Nxb5 Rxc1 22. Bxc1 Nbd5 23. Nd4 Bd7 24. Rd3 Nb4 25. Ra3 Na6 26. Rb3 Nc5 27. Ra3 Na6 28. Rb3 Nc5 29. Ra3 Na6 1/2-1/2

[Event "Prague op-A"]
[Site "Prague"]
[Date "2006.07.07"]
[Round "7"]
[White "Dvorak, Tomas"]
[Black "Novak, Vaclav"]
[Result "1-0"]
[WhiteElo "2299"]
[BlackElo "2077"]
[PlyCount "51"]
[EventDate "2006.07.01"]
[EventType "swiss"]
[EventRounds "9"]
[EventCountry "CZE"]
[SourceTitle "EXT 2007"]
[Source "ChessBase"]
[SourceDate "2006.11.23"]
[SourceVersion "1"]
[SourceVersionDate "2006.11.23"]
[SourceQuality "1"]

1. e4 g6 2. d4 Bg7 3. Nf3 d6 4. Nc3 c6 5. Be2 Nf6 6. 0-0 0-0 7. Re1 b5 8. a3 Bb7 9. h3 a5 10. e5 Ne8 11. Bf4 d5 12. Qd2 Nd7 13. e6 fxe6 14. Ng5 Rf6 15. Bg4 Nc7 16. Rxe6 Nxe6 17. Nxe6 Rxe6 18. Bxe6+ Kh8 19. Re1 Nf6 20. Qe3 Ra7 21. Ne2 b4 22. Nc1 Qb6 23. Nd3 Ne4 24. Be5 Bxe5 25. Nxe5 c5 26. Qh6 1-0